Effectif du Stade Rennais 2022/2023 - Statistiques

Statistiques générales
  • Ce quiz a été pris 18 fois
  • Le résultat moyen est 20 sur 28
Statistiques - réponses
Poste Numéro Nationalité Joueur % Correct
Défenseur 5 Belgique Arthur Theate
100%
Gardien 30 France Steve Mandanda
100%
Milieu 14 France Benjamin Bourigeaud
94%
Défenseur 3 France Adrien Truffert
88%
Attaquant 10 Algérie Amine Gouiri
88%
Attaquant 9 France Arnaud Kalimuendo
88%
Milieu 33 France Désiré Doué
88%
Gardien 80 Turquie Dogan Alemdar
88%
Défenseur 17 Côte d'ivoire Guela Doué
88%
Défenseur 27 Mali Hamari Traoré
88%
Milieu 21 Croatie Lovro Majer
88%
Attaquant 7 France Martin Terrier
88%
Attaquant 34 Maroc Ibrahim Salah
82%
Attaquant 10 Belgique Jérémy Doku
82%
Défenseur 4 Cameroun Christopher Wooh
76%
Défenseur 22 France Lorenz Assignon
76%
Milieu 8 France Baptiste Santamaria
71%
Défenseur 25 Norvège Birger Meling
65%
Défenseur 90 Royaume-Uni Djed Spence
65%
Milieu 20 France Flavien Tait
65%
Défenseur 2 Pays de Galles Joe Rodon
65%
Défenseur 23 France Warmed Omari
65%
Milieu 80 Portugal Xeka
59%
Défenseur 16 France Jeanuël Belocian
53%
Attaquant 17 Cameroun Karl Toko Ekambi
41%
Gardien 1 France Romain Salin
41%
Gardien 40 Tunisie Elias Damergy
35%
Milieu 6 France Lesley Ugochukwu
12%
Aucun quiz correspondant
Distribution des résultats
% des personnes avec chaque résultat
Percentile par nombre de réponses
Votre historique - résultats
Vous n’avez pas pris ce quiz